| 000 | 00556nam a2200193Ia 4500 | ||
|---|---|---|---|
| 001 | 62467 | ||
| 008 | 141119s9999 xx 000 0 und d | ||
| 020 | _a9788130923680 | ||
| 040 | _cPK-LaUMT | ||
| 082 |
_a 956.704431 _bUSP- |
||
| 100 | _aBrown, Seyom | ||
| 245 |
_aUS policy in Afghanistan and Iraq _blessons and legacies _cBrown, Seyom|Scales, Robert H. |
||
| 260 |
_aNew Delhi,India: _bViva Books Private Limited, _c2013 |
||
| 300 | _a219 p. | ||
| 546 | _aEN | ||
| 650 | _aIraq-war-2003-2011-Influence | ||
| 700 | _aScales, Robert H. | ||
| 942 | _cBK | ||
| 999 |
_c62896 _d62896 |
||